000 01382nam a2200373 c 4500
999 _c50822
_d50822
001 50822
003 ES-MaCES
005 20180626110354.0
008 180625s2017 sp o100 | spa d
035 _aCES20120003160m
040 _aES-MaCES
_bspa
_cES-MaCES
111 2 _939169
_aEncuentro Europeo "El Diálogo Social en Europa, España y Castilla y León"
_d2017
_cValladolid
245 0 0 _aEncuentro Europeo "El Diálogo Social en Europa, España y Castilla y León"
_b: Valladolid, 22 de mayo de 2017 : dosier
_cConsejo Económico y Social de Castilla y León
260 _aValladolid
_bConsejo Económico y Social de Castilla y León
_c[2017]
300 _a[98] p.
_c30 cm
500 _aTít. tomado de la cub
541 _cGratuito
650 4 _aconcertación social
_930664
650 4 _acohesión social
_930743
650 4 _aintegración social
_927283
650 4 _aparticipación popular
_929756
650 4 _ademocracia
_927175
650 4 _adesarrollo económico y social
_929234
650 4 _adesarrollo político
_929225
650 4 _aEuropa
_926940
650 4 _aEspaña
_926964
650 4 _aCastilla y León
_930782
650 4 _anoticia de prensa
_928956
650 4 _aconferencia
_927013
653 1 0 _aAsuntos Sociales
710 2 _aConsejo Económico y Social (Castilla y León)
_eed.
_92405
902 _aLIB Libro
942 _2CES
_cBK
_h3.3.